|
|
|
|
| LEADER |
01028pam a22002778a 4500 |
| 001 |
00037496 |
| 005 |
20171026081023.0 |
| 008 |
170513s2008 ||||||Viesd |
| 041 |
0 |
# |
|a Vie
|
| 082 |
1 |
4 |
|a 658.5
|b GI108TR
|
| 100 |
1 |
# |
|a Nguyễn, Văn Mạnh
|
| 245 |
1 |
0 |
|a Giáo trình quản trị kinh doanh khách sạn
|c Nguyễn Văn Mạnh, Hoàng Thị Lan Hương (đồng ch.b)
|
| 260 |
# |
# |
|a H.
|b Kinh tế quốc dân
|c 2008
|
| 300 |
# |
# |
|a 403 tr.
|c 24 cm
|
| 500 |
# |
# |
|a ĐTTS ghi: Trường Đại học kinh tế quốc dân. Khoa du lịch và khách sạn
|
| 653 |
# |
# |
|a Dịch vụ
|
| 653 |
# |
# |
|a Giáo trình
|
| 653 |
# |
# |
|a Quản trị
|
| 653 |
# |
# |
|a Kinh doanh
|
| 653 |
# |
# |
|a Khách sạn
|
| 700 |
1 |
# |
|a Hoàng, Thị Lan Hương
|e Đồng chủ biên
|
| 852 |
# |
# |
|j KD.0020146
|j KGT.0053565
|
| 852 |
# |
# |
|b Kho đọc
|j KD.0020146
|
| 852 |
# |
# |
|b Kho mượn
|j KGT.0053565
|
| 910 |
|
|
|d 13/05/2017
|
| 980 |
# |
# |
|a Trung tâm Học liệu Lê Vũ Hùng, Trường Đại học Đồng Tháp
|